000 00734nam a2200229 a 4500
001 BRCA_5610
005 20190320205142.0
008 210211s1926----nyua######---#000-0#eng-#
041 _aeng
044 _anyu
050 4 _aNA1301
_b.L47 1926
245 1 0 _aLesser known architecture of Spain
_cwith a foreword by F. R. Yerbury.
260 _aNueva York
_bW. Helburn
_c1926
300 _a1 v. (sin paginación)
_bil., 1 portafolio con 48 láminas
_c34 cm.
_n2da. Serie.
500 _aEstado físico: las cintas del portafolio se encuentran rotas
500 _aF88
650 1 4 _aArquitectura
_zEspaña
_92007
650 1 4 _aArquitectura religiosa
_zEspaña
_97863
700 1 _aYerbury, F. R.
_914299
902 _aGFM
942 _2lcc
_cB
999 _c5304
_d5304